Meilleurs Buteurs du PSG en Ligue 1 - Statistiques

Statistiques générales
  • Ce quiz a été pris 129 fois
  • Le résultat moyen est 13 sur 18
Statistiques - réponses
Nombre de Buts Joueurs % Correct
21 Ousmane Dembélé
99%
14 Bradley Barcola
95%
6 Désiré Doué
95%
4 Achraf Hakimi
92%
5 Vitinha
91%
10 Gonçalo Ramos
87%
4 Fabian Ruiz
85%
3 Joao Neves
85%
2 Marquinhos
85%
1 Nuno Mendes
83%
2 Senny Mayulu
76%
1 Zaïre-Emery
69%
6 Lee Kang-In
57%
1 Beraldo
53%
4 Kvaratskhelia
53%
1 Mbaye
50%
2 Kolo Muani
45%
2 Marco Asensio
35%
Aucun quiz correspondant
Distribution des résultats
% des personnes avec chaque résultat
Percentile par nombre de réponses
Votre historique - résultats
Vous n’avez pas pris ce quiz